Die Torheit einer Liebe Mutter ohne Tod / (Record no. 84836)

MARC details
000 -LEADER
campo de control de longitud fija 00503nam a2200157 i 4500
001 - NÚMERO DE CONTROL
campo de control 84836
003 - IDENTIFICADOR DE NÚMERO DE CONTROL
campo de control ES-MaACL
005 - FECHA Y HORA DE LA ÚLTIMA TRANSACCIÓN
campo de control 20230906175123.0
007 - CAMPO FIJO DE DESCRIPCIÓN FÍSICA--INFORMACIÓN GENERAL
campo de control de longitud fija t|
008 - DATOS DE LONGITUD FIJA--INFORMACIÓN GENERAL
campo de control de longitud fija 041124s1930 gw ||||1| ger d
100 1# - ENTRADA PRINCIPAL--NOMBRE DE PERSONA
Nombre de persona Johst, Hanns.
9 (RLIN) 66785
245 13 - MENCIÓN DEL TÍTULO
Título Die Torheit einer Liebe Mutter ohne Tod /
Mención de responsabilidad, etc. zwei Erzahlungen Hanns Johst.
260 ## - PUBLICACIÓN, DISTRIBUCIÓN, ETC.
Lugar de publicación, distribución, etc. München :
Nombre del editor, distribuidor, etc. Albert Langen :
-- Georg Müller,
Fecha de publicación, distribución, etc. [1930] (
Lugar de fabricación/manufactura Regensburg :
Fabricante Friedrich Puster)
300 ## - DESCRIPCIÓN FÍSICA
Extensión 290 p. ;
Dimensiones 21 cm.
852 ## - LOCALIZACIÓN
Ubicación ES-MaACL
Número de control de estantería F-15736
Sublocalización o colección R.20102
Holdings
Estatus retirado Estado de pérdida Estado de daño No para préstamo Biblioteca de origen Biblioteca actual Ubicación en estantería Fecha de adquisición Fuente de adquisición Total de préstamos Signatura topográfica completa Código de barras Visto por última vez Precio de reemplazo Tipo de ítem Koha
        Biblioteca del Ateneo de Madrid Biblioteca del Ateneo de Madrid Sala Pecera Planta 2 17/01/2008     F-15736 1088658 23/02/2023 23/02/2023 Libro impreso